Gardner's guide to television scriptwriting : the writer's road map / (Record no. 1646)
| 000 -LEADER | |
|---|---|
| fixed length control field | 00523nam a22001697a 4500 |
| 003 - CONTROL NUMBER IDENTIFIER | |
| control field | OSt |
| 005 - DATE AND TIME OF LATEST TRANSACTION | |
| control field | 20150424160420.0 |
| 008 - FIXED-LENGTH DATA ELEMENTS--GENERAL INFORMATION | |
| fixed length control field | 150417b xxu||||| |||| 00| 0 eng d |
| 020 ## - INTERNATIONAL STANDARD BOOK NUMBER | |
| International Standard Book Number | 9781589650046 |
| 050 ## - LIBRARY OF CONGRESS CALL NUMBER | |
| Classification number | PN1992.7 .W38 2002 |
| 100 ## - MAIN ENTRY--PERSONAL NAME | |
| Relator code | Webber, Marilyn |
| 245 ## - TITLE STATEMENT | |
| Title | Gardner's guide to television scriptwriting : the writer's road map / |
| Statement of responsibility, etc | Marilyn Webber. |
| 260 ## - PUBLICATION, DISTRIBUTION, ETC. (IMPRINT) | |
| Place of publication, distribution, etc | Washington, DC : |
| Name of publisher, distributor, etc | Garth Gardner Co., |
| Date of publication, distribution, etc | c2002. |
| 300 ## - PHYSICAL DESCRIPTION | |
| Extent | x, 286 p. : |
| Other physical details | ill. ; |
| Dimensions | 23 cm |
| 650 ## - SUBJECT ADDED ENTRY--TOPICAL TERM | |
| Source of heading or term | Television authorship. |
| 942 ## - ADDED ENTRY ELEMENTS (KOHA) | |
| Source of classification or shelving scheme | |
| Koha item type | Book |
| Withdrawn status | Lost status | Source of classification or shelving scheme | Damaged status | Not for loan | Home library | Current library | Shelving location | Date acquired | Total Checkouts | Full call number | Barcode | Date last seen | Copy number | Price effective from | Koha item type | Date checked out |
|---|---|---|---|---|---|---|---|---|---|---|---|---|---|---|---|---|
| Riara University Library | Riara University Library | General stack | 17/04/2015 | PN1992.7 .W38 2002 | 5545/15 | 24/04/2015 | C. 1 | 17/04/2015 | Book | |||||||
| Riara University Library | Riara University Library | General stack | 17/04/2015 | 3 | PN1992.7 .W38 2002 | 5546/15 | 22/05/2023 | C. 2 | 17/04/2015 | Book | 09/01/2023 |
